Random bands (and random clues) beginning with S - Statistics

General Stats
  • This quiz has been taken 22 times
  • The average score is 5 of 10
Answer Stats
Hint Answer % Correct
Heaven Knows his politics are somewhat dodgy now (but that won't Marr this bands rep) The Smiths
81%
Diamond Life Sade
62%
Noddy Holder and Merry 25th All Slade
62%
John, Glen, Paul and Steve...originally Sex Pistols
57%
All or Nothing, Itchcoo Park and Lazy Sunday. Small Faces
57%
Icelandic, with a lead singer who went onto to major success (e.g. her debut album...) Sugarcubes
57%
German arachnids The Scorpions
52%
Mael Bros Sparks
43%
Plastic rockabilly (runaway) boys? Stray Cats
38%
"Can we have kippers for breakfast..." (...in America) Supertamp
0%
No matching quizzes found
Score Distribution
Percent of People with Each Score
Percentile by Number Answered
Your Score History
You have not taken this quiz